Applied statistics in business and economics (Record no. 7554)

MARC details
000 -LEADER
fixed length control field 00728nam a22002177a 4500
003 - CONTROL NUMBER IDENTIFIER
control field OSt
005 - DATE AND TIME OF LATEST TRANSACTION
control field 20211130111346.0
008 - FIXED-LENGTH DATA ELEMENTS--GENERAL INFORMATION
fixed length control field 211130b ||||| |||| 00| 0 eng d
020 ## - INTERNATIONAL STANDARD BOOK NUMBER
International Standard Book Number 9780071317627
040 ## - CATALOGING SOURCE
Transcribing agency DDC
082 ## - DEWEY DECIMAL CLASSIFICATION NUMBER
Classification number 310 DOA 2013
100 ## - MAIN ENTRY--PERSONAL NAME
Personal name Doane, David P; Lori E. Seward.
9 (RLIN) 15460
245 ## - TITLE STATEMENT
Title Applied statistics in business and economics
260 ## - PUBLICATION, DISTRIBUTION, ETC. (IMPRINT)
Place of publication, distribution, etc. New York :
Name of publisher, distributor, etc. McGraw-Hill/Irwin;
Date of publication, distribution, etc. ©2013.
300 ## - PHYSICAL DESCRIPTION
Extent xxv,830p:
Other physical details illustrations (some color) ;
Dimensions 29cm,
504 ## - BIBLIOGRAPHY, ETC. NOTE
Bibliography, etc Includes bibliographical references and index.
650 ## - SUBJECT ADDED ENTRY--TOPICAL TERM
Topical term or geographic name as entry element Commercial statistics.
9 (RLIN) 5297
650 ## - SUBJECT ADDED ENTRY--TOPICAL TERM
Topical term or geographic name as entry element Management -- Statistical methods.
9 (RLIN) 15461
650 ## - SUBJECT ADDED ENTRY--TOPICAL TERM
Topical term or geographic name as entry element Economics -- Statistical methods.
9 (RLIN) 14181
942 ## - ADDED ENTRY ELEMENTS (KOHA)
Source of classification or shelving scheme Dewey Decimal Classification
Koha item type Book
Holdings
Withdrawn status Lost status Source of classification or shelving scheme Damaged status Not for loan Home library Current library Date acquired Source of acquisition Inventory number Total Checkouts Full call number Barcode Date last seen Price effective from Koha item type
    Dewey Decimal Classification     Faculty of Management Science Library Faculty of Management Science Library 30/11/2021 Purchase 17/40184   310 DOA 2013 2021-1971 30/11/2021 30/11/2021 Book
    Dewey Decimal Classification     Faculty of Management Science Library Faculty of Management Science Library 30/11/2021 Purchase 17/40285   310 DOA 2013 2021-1972 30/11/2021 30/11/2021 Book